| 000 | 00572nam a22001937a 4500 | ||
|---|---|---|---|
| 003 | OSt | ||
| 005 | 20260309044600.0 | ||
| 008 | 260309b |||||||| |||| 00| 0 eng d | ||
| 020 | _a1-59339-046-7 | ||
| 040 |
_aDWCL-Main Lib _cOC |
||
| 082 | _aGR. 590 B862 2003 | ||
| 110 |
_aBRITANICA _eCorporate Author |
||
| 245 | _aBritanica learning library : wildlife wonders | ||
| 260 |
_aChicago : _bEncyclopaedia Britanica, _cc2003. |
||
| 300 |
_a63 p. : _b ill. (chiefly col.) ; _c29 cm. |
||
| 504 | _a1. Includes glossary. | ||
| 650 | _aAnimals. | ||
| 942 |
_2ddc _cBK-GR _mGR. _n0 |
||
| 999 |
_c8741 _d8741 |
||